000 00374nam a2200133Ia 4500
008 220217s9999||||xx |||||||||||||| ||und||
020 _a812910539X
082 _a826 BEL
100 _aBelliappa, C.P
245 0 _aTale of a tiger tail and others yarns from coorg
260 _aRoopa company
_bNew Delhi
_c2006
300 _aXVII, 141p.
_b95
650 _aGENERAL BOOKS
999 _c185189
_d185189